000 01645cam a2200289 a 4500
001 2372558
003 OSt
005 20210528123246.0
008 840209s1983 enk b 001 0 eng
010 _a 84116891
020 _a9780414037342
040 _aDLC
_cDLC
_dDLC
043 _ae-uk---
050 0 0 _aKD7869.B16
082 0 0 _a345.42
_a344.205
_219
100 _qBaker, Dennis J.
245 1 0 _aGlanville Williams textbook of criminal law. /
_cDennis J. Baker
250 _a4th ed.
260 _aLondon :
_bSweet & Maxwell,
_c2015.
300 _aclxii, 1559 p.:
504 _aIncludes bibliographical references and index.
505 _aContents: Crime and the criminal law -- Judge and jury -- The moral and constitutional limits of the criminal law -- Intention -- Recklessness and negligence -- Fault as to circumstances -- Strict liability -- Attributed acts -- Corporations: exceptions to strict liability -- The external elements of an office -- Causation -- Non-fatal offences against the person -- Sexual aggression -- Murder -- Involuntary manslaughter -- The foetus and the new-born child -- Complicity -- Attempt -- Conspiracy -- Other inchoate offences -- Ignorance of law and superior orders -- Intoxication -- discipline and authority -- Private and public defence --- Loss of control -- Consent and entrapment -- Necessity -- Duress and coercion -- Automatism -- Criminal capacity and insanity -- Diminished responsibility -- Theft -- Damage and trespass --
650 0 _aCriminal law
_zGreat Britain.
700 _qWilliams, Glanville
906 _a7
_bcbc
_corignew
_d3
_encip
_f19
_gy-gencatlg
942 _2ddc
_cBK
999 _c7624
_d15124